000 00458nam a2200145Ia 4500
005 20250508160011.0
008 008 250505s9999 xx 000 0 eng d
037 _aBooks to be hide in OPAC
040 _aFEDL
_beng
_cFEDL
041 _aeng
_2eng
084 _a379.542 3, NOR/O
_qFEDL
245 0 _aGeneral report on public instruction, N.-W.P. and Oudh, for the year 1890-91
942 _cHB
_h379.542 3, NOR/O
999 _c1360884
_d1360884